[Event "BW 2018 Senioren"]
[Site "my_town"]
[Date "2018.02.23"]
[Round "1.1"]
[White "Baum, Bernd"]
[Black "Speicher, Franz"]
[Result "1-0"]
[WhiteElo "2288"]
[BlackElo "1868"]
[Annotator "chessorg"]
[PlyCount "105"]
[EventDate "2018.??.??"]
[WhiteTeam "SC Fulda"]
[BlackTeam "Dicker Turm Esslingen"]

1. c4 c6 2. Nf3 d5 3. e3 e6 4. b3 Nd7 5. Bb2 Ngf6 6. Qc2 Bd6 7. Nc3 b6 8. Be2
Bb7 9. Rg1 Qe7 10. g4 Ba3 11. g5 Nh5 12. Bxa3 Qxa3 13. cxd5 exd5 14. Nd4 g6 15.
Nf5 gxf5 16. Bxh5 Ba6 17. d4 O-O-O 18. Bxf7 Kb8 19. Bh5 Rhf8 20. f4 Rc8 21. Kf2
c5 22. Qd2 cxd4 23. exd4 Qa5 24. Rac1 Rc6 25. Nb1 Qxd2+ 26. Nxd2 Rfc8 27. Rxc6
Rxc6 28. Bf7 Rc2 29. Rd1 Rxa2 30. Bxd5 Bd3 31. Ke3 Bc2 32. Rc1 Nf8 33. h4 b5
34. h5 a5 35. b4 Ra3+ 36. Kf2 Rc3 37. bxa5 Ka7 38. Bb3 Rxb3 39. Rxc2 Rd3 40.
Nf3 b4 41. Ke2 Ra3 42. d5 Rxa5 43. Rb2 Rxd5 44. Rxb4 Ne6 45. Ke3 Rd1 46. Nd4
Nxd4 47. Rxd4 Re1+ 48. Kf2 Re7 49. Rd5 Rf7 50. Kg3 Kb7 51. Kh4 Kc6 52. Re5 Kd6
53. g6 1-0

[Event "BW 2018 Open"]
[Site "my_town"]
[Date "2018.02.23"]
[Round "1.1"]
[White "Vorobiov, Evgeny"]
[Black "Burchert, Wolfgang"]
[Result "1/2-1/2"]
[WhiteElo "2548"]
[BlackElo "2053"]
[Annotator "chessorg"]
[PlyCount "113"]
[EventDate "2018.??.??"]
[BlackTeam "SC Hansa Dortmund"]

1. d4 Nf6 2. c4 e6 3. Nf3 Bb4+ 4. Nbd2 O-O 5. a3 Bxd2+ 6. Qxd2 d6 7. b3 b6 8.
Bb2 Bb7 9. e3 Nbd7 10. Be2 Qe7 11. O-O d5 12. cxd5 Bxd5 13. b4 c5 14. Rfc1 cxd4
15. Qxd4 Rfc8 16. Ne5 Nxe5 17. Qxe5 Qb7 18. f3 Rxc1+ 19. Rxc1 Rc8 20. e4 Rxc1+
21. Bxc1 Qc8 22. Bb2 Bb7 23. Kf2 Ne8 24. Qd4 h6 25. Bd3 Qc7 26. Qe5 Qc8 27. Qd4
Qc7 28. g3 Kf8 29. a4 Kg8 30. Ke3 Bc6 31. b5 Bd7 32. Ba3 Nf6 33. Qd6 Qc8 34. g4
e5 35. Kd2 Qe8 36. Bb2 Be6 37. Qxe5 Qd7 38. Bd4 Bb3 39. h4 Bxa4 40. g5 hxg5 41.
hxg5 Ne8 42. Bc4 Kf8 43. Ke3 Qd6 44. Qf5 Qc7 45. Be2 Bb3 46. Qe5 Qc1+ 47. Kf2
Qc2 48. Bc3 Bc4 49. Bb4+ Kg8 50. Qxe8+ Kh7 51. Qe5 Qxe2+ 52. Kg3 Qf1 53. Bc3
Qg1+ 54. Kf4 Qh2+ 55. Ke3 Qe2+ 56. Kf4 Qh2+ 57. Ke3 1/2-1/2

[Event "BW 2018 Senioren"]
[Site "my_town"]
[Date "2018.02.23"]
[Round "1.2"]
[White "Schinnerl, Werner"]
[Black "Kierzek, Matthias"]
[Result "0-1"]
[WhiteElo "1864"]
[BlackElo "2259"]
[Annotator "chessorg"]
[PlyCount "34"]
[EventDate "2018.??.??"]
[BlackTeam "SC Fulda"]

1. e4 c6 2. d4 d5 3. e5 Bf5 4. h4 h5 5. Bg5 Qb6 6. Bd3 Bxd3 7. Qxd3 e6 8. Nc3
c5 9. Nge2 Nc6 10. O-O cxd4 11. Nxd5 exd5 12. e6 fxe6 13. Qg6+ Kd7 14. Qf7+
Nge7 15. Rfe1 Ne5 16. Qf4 N7g6 17. Qd2 Bc5 0-1

[Event "BW 2018 Open"]
[Site "my_town"]
[Date "2018.02.23"]
[Round "1.2"]
[White "Matzat, Andre"]
[Black "Burmakin, Vladimir"]
[Result "0-1"]
[WhiteElo "2053"]
[BlackElo "2528"]
[Annotator "chessorg"]
[PlyCount "96"]
[EventDate "2018.??.??"]
[WhiteTeam "Oberhausener SV 1887 e.V."]

1. d4 Nf6 2. Bf4 c6 3. e3 Qb6 4. Nf3 Qxb2 5. Nbd2 Qb6 6. Nc4 Qd8 7. Bd3 g6 8.
e4 d5 9. exd5 cxd5 10. Nce5 Bg7 11. h4 Nh5 12. Be3 Nc6 13. Rb1 O-O 14. Qd2 f5
15. Bh6 Qd6 16. Rb5 Nxd4 17. Rxd5 Nxf3+ 18. gxf3 Bxh6 19. Qxh6 Qb4+ 20. Kf1 Qf4
21. Qg5 Be6 22. Rb5 Qxg5 23. hxg5 b6 24. Rh4 Rac8 25. a4 f4 26. Kg2 Bf5 27. a5
Bxd3 28. Nxd3 Rxc2 29. axb6 axb6 30. Rxb6 Rf5 31. Rg4 Rd2 32. Rb8+ Kg7 33. Rd8
Re5 34. Nxe5 Rxd8 35. Nc6 Rd6 36. Ne5 Rd5 37. Nc4 Kf7 38. Kf1 Rd4 39. Nb2 Rd2
40. Nc4 Rc2 41. Ne5+ Ke6 42. Nd3 Kf5 43. Ne1 Rd2 44. Ng2 e5 45. Nh4+ Ke6 46.
Rg1 Rd1+ 47. Kg2 Rxg1+ 48. Kxg1 Kd5 0-1

[Event "BW 2018 Open"]
[Site "my_town"]
[Date "2018.02.23"]
[Round "1.3"]
[White "Pap, Misa"]
[Black "Battistella, Stefano"]
[Result "1-0"]
[WhiteElo "2502"]
[BlackElo "2051"]
[Annotator "chessorg"]
[PlyCount "87"]
[EventDate "2018.??.??"]
[WhiteTeam "SC Hansa Dortmund e.V."]

1. e4 c5 2. Nf3 Nc6 3. c3 d5 4. exd5 Qxd5 5. d4 Bf5 6. dxc5 Qxd1+ 7. Kxd1 e6 8.
Be3 Nf6 9. Bb5 Nd5 10. Nd4 Nxe3+ 11. fxe3 O-O-O 12. Ke2 Bg4+ 13. Kf2 Kc7 14.
Bxc6 bxc6 15. b4 e5 16. Nf3 f6 17. Nbd2 Be7 18. Ne4 Bf5 19. Ng3 Be6 20. Rhd1 a5
21. a3 g6 22. Ne4 Bb3 23. Rxd8 Rxd8 24. Ned2 Be6 25. Ke2 g5 26. e4 h5 27. Ne1
f5 28. exf5 Bxf5 29. Nc4 a4 30. h3 g4 31. Ne3 Be6 32. hxg4 hxg4 33. Nd3 e4 34.
Nf4 Bc8 35. Rh1 Bf6 36. Rh7+ Kb8 37. c4 Ba6 38. Rh6 Bb2 39. Rxc6 Bb7 40. Rb6
Ka7 41. Nfd5 Bxd5 42. Nxd5 Bxa3 43. c6 Bc1 44. Rb7+ 1-0

[Event "BW 2018 Senioren"]
[Site "my_town"]
[Date "2018.02.23"]
[Round "1.3"]
[White "Okrajek, Alexander"]
[Black "Blutharsch, Walter"]
[Result "1-0"]
[WhiteElo "2207"]
[BlackElo "1860"]
[Annotator "chessorg"]
[PlyCount "65"]
[EventDate "2018.??.??"]
[WhiteTeam "SC 1919 Siegburg e.V."]
[BlackTeam "VfL Sindelfingen"]

1. c4 e5 2. Nc3 Nf6 3. g3 Be7 4. Bg2 Nc6 5. Nf3 d6 6. d4 exd4 7. Nxd4 Bd7 8.
O-O O-O 9. b3 Rb8 10. Bb2 Qc8 11. Ncb5 a6 12. Nxc6 bxc6 13. Nd4 Qe8 14. Qc2 Ng4
15. h3 Ne5 16. f4 Ng6 17. Nf5 f6 18. e4 Bd8 19. Rfe1 Qf7 20. c5 Bxf5 21. exf5
Ne7 22. Rad1 d5 23. Rd4 Qh5 24. g4 Qh6 25. Ra4 Ra8 26. Re6 Qh4 27. Qf2 Qxf2+
28. Kxf2 h5 29. Bf1 hxg4 30. hxg4 Rf7 31. Rxa6 Rxa6 32. Bxa6 g6 33. Rxf6 1-0

[Event "BW 2018 Open"]
[Site "my_town"]
[Date "2018.02.23"]
[Round "1.4"]
[White "Liebelt, Jannik"]
[Black "Karpatchev, Alexandr"]
[Result "0-1"]
[WhiteElo "2049"]
[BlackElo "2494"]
[Annotator "chessorg"]
[PlyCount "128"]
[EventDate "2018.??.??"]
[WhiteTeam "SC Porta Westfalica Holtrup 1950"]
[BlackTeam "SF Bad Mergentheim"]

1. d4 Nc6 2. Bf4 d5 3. e3 Nf6 4. c3 g6 5. Be2 Bg7 6. h4 h5 7. Nd2 a6 8. Nh3 Ng4
9. f3 e5 10. Bg5 Nf6 11. dxe5 Nxe5 12. Qa4+ Qd7 13. Qxd7+ Nfxd7 14. e4 Nc5 15.
Nf2 Be6 16. O-O-O dxe4 17. Ndxe4 Ncd7 18. Kb1 O-O 19. Nd3 Rfe8 20. Rhe1 Bf5 21.
Nxe5 Nxe5 22. Ka1 Bxe4 23. fxe4 c6 24. Kb1 b5 25. Rd6 Bf8 26. Rdd1 Be7 27. Bxe7
Rxe7 28. Rd6 Kg7 29. Kc2 a5 30. Rd4 Rae8 31. a4 Ng4 32. Bxg4 hxg4 33. axb5 cxb5
34. e5 Rxe5 35. Rxe5 Rxe5 36. Rxg4 Re2+ 37. Kb3 f6 38. g3 Re3 39. Kc2 Rf3 40.
Kb3 Kh6 41. Rd4 Rxg3 42. Rd5 Rg4 43. Rxb5 a4+ 44. Ka3 Rxh4 45. Rb4 g5 46. c4 g4
47. c5 Kg5 48. c6 Rh8 49. Kxa4 g3 50. Rb7 Rg8 51. Rd7 g2 52. Rd1 Kf4 53. Rg1
Kg3 54. b4 f5 55. b5 f4 56. c7 f3 57. Rd1 f2 58. Rd8 Rg4+ 59. Kb3 f1=Q 60. c8=Q
Qxb5+ 61. Kc3 Qb4+ 62. Kd3 g1=Q 63. Qc7+ Qf4 64. Qe7 Qc4+ 0-1

[Event "BW 2018 Open"]
[Site "my_town"]
[Date "2018.02.23"]
[Round "1.5"]
[White "Pavlovic, Milos"]
[Black "Schweizer, Manfred"]
[Result "1-0"]
[WhiteElo "2466"]
[BlackElo "2048"]
[Annotator "chessorg"]
[PlyCount "67"]
[EventDate "2018.??.??"]
[BlackTeam "Post-SV Memmingen e.V."]

1. d4 g6 2. e4 d6 3. Nf3 Bg7 4. c3 Nf6 5. Bd3 O-O 6. O-O Nbd7 7. Re1 e5 8. Nbd2
b6 9. Nf1 Bb7 10. Ng3 Re8 11. Qb3 c6 12. Bd2 Qc7 13. a4 d5 14. a5 c5 15. axb6
axb6 16. Rxa8 Bxa8 17. exd5 Bxd5 18. Bc4 Bxc4 19. Qxc4 Qd6 20. Ne4 Nxe4 21.
Rxe4 h6 22. g3 b5 23. Qe2 Qd5 24. dxe5 f5 25. Re3 c4 26. h4 Nc5 27. h5 g5 28.
Nd4 Ne4 29. Be1 Rxe5 30. Nxf5 Nxc3 31. Nxh6+ Kh7 32. Bxc3 Rxe3 33. Qxe3 Bxc3
34. Qxc3 1-0

[Event "BW 2018 Senioren"]
[Site "my_town"]
[Date "2018.02.23"]
[Round "1.6"]
[White "Braeu, Ludwig"]
[Black "Kelchner, Hans"]
[Result "1/2-1/2"]
[WhiteElo "1835"]
[BlackElo "2165"]
[Annotator "chessorg"]
[PlyCount "57"]
[EventDate "2018.??.??"]
[WhiteTeam "Marktoberdorf"]
[BlackTeam "SK 1912 Ludwigshafen"]

1. c4 c6 2. g3 d5 3. Bg2 Nf6 4. Nf3 Bf5 5. O-O h6 6. b3 e6 7. d3 Nbd7 8. Bb2
Be7 9. Re1 a5 10. Nbd2 dxc4 11. bxc4 Nc5 12. Nb3 Na4 13. Be5 Bb4 14. Rf1 O-O
15. Nbd4 Nb6 16. Nxf5 exf5 17. Qb3 Nfd7 18. Bd4 Bc5 19. e3 a4 20. Qc2 Bxd4 21.
exd4 Qc7 22. Rab1 Rfe8 23. Rfe1 Re6 24. Re2 a3 25. Rbe1 Rxe2 26. Rxe2 Kf8 27.
Qc1 Nc8 28. Qe3 Qd8 29. Nh4 1/2-1/2

[Event "BW 2018 Open"]
[Site "my_town"]
[Date "2018.02.23"]
[Round "1.6"]
[White "Kretschel, Klaus"]
[Black "Naumkin, Igor"]
[Result "0-1"]
[WhiteElo "2043"]
[BlackElo "2430"]
[Annotator "chessorg"]
[PlyCount "110"]
[EventDate "2018.??.??"]
[WhiteTeam "SAbt TuS Fuerstenfeldbruck"]

1. d4 Nf6 2. Bf4 e6 3. e3 b6 4. Nd2 Bb7 5. Ngf3 Be7 6. Bd3 c5 7. c3 Nc6 8. Ne5
O-O 9. O-O cxd4 10. exd4 d6 11. Nxc6 Bxc6 12. Qe2 Qd7 13. f3 b5 14. Ne4 Nd5 15.
Bd2 h6 16. Rae1 Rae8 17. Bb1 f5 18. Ng3 Bd8 19. Qd3 Qf7 20. b3 Ne7 21. c4 bxc4
22. bxc4 Bd7 23. Bb4 Bc7 24. f4 a5 25. Bc3 d5 26. c5 g5 27. Ne2 Rb8 28. Qd2 Qf6
29. Bxa5 Bxa5 30. Qxa5 Bb5 31. Qc3 Bxe2 32. Rxe2 Nc6 33. Rd2 Rb4 34. Rfd1 gxf4
35. Bc2 Rc4 36. Qa1 Nxd4 37. Bb3 Nxb3 38. Qxf6 Rxf6 39. axb3 Rxc5 40. Rd4 f3
41. gxf3 Rc2 42. R1d2 Rxd2 43. Rxd2 Rf8 44. Kf2 Rb8 45. Rd3 Kf7 46. f4 Rb4 47.
Rf3 Ke7 48. Kg3 Kd6 49. Re3 d4 50. Rd3 Kd5 51. Kf3 Rb8 52. h3 h5 53. Kf2 Ke4
54. Rf3 h4 55. Ke2 Ra8 0-1

[Event "BW 2018 Open"]
[Site "my_town"]
[Date "2018.02.23"]
[Round "1.7"]
[White "Mainka, Romuald"]
[Black "Schiffer, Steve"]
[Result "1-0"]
[WhiteElo "2411"]
[BlackElo "2040"]
[Annotator "chessorg"]
[PlyCount "60"]
[EventDate "2018.??.??"]
[BlackTeam "Moerlenbach"]

1. e4 c5 2. Nf3 d6 3. Bb5+ Nc6 4. O-O Bd7 5. Re1 e6 6. c3 Be7 7. d4 Nf6 8. Nbd2
O-O 9. Bd3 cxd4 10. cxd4 Rc8 11. a3 a6 12. b3 e5 13. d5 Nb8 14. h3 Ne8 15. Nc4
b5 16. Ne3 g6 17. a4 f5 18. axb5 axb5 19. Bd2 Ng7 20. Ra7 f4 21. Nf1 g5 22.
N3h2 Qe8 23. Qe2 Bd8 24. Rb7 f3 25. Nxf3 g4 26. hxg4 Bxg4 27. N1h2 Qg6 28. Nxg4
Qxg4 29. Nh2 Qxe2 30. Rxe2 Nd7 1-0

[Event "BW 2018 Open"]
[Site "my_town"]
[Date "2018.02.23"]
[Round "1.8"]
[White "Hamlack, Heinz"]
[Black "Lalic, Bogdan"]
[Result "0-1"]
[WhiteElo "2038"]
[BlackElo "2401"]
[Annotator "chessorg"]
[PlyCount "72"]
[EventDate "2018.??.??"]
[WhiteTeam "PSV Memmingen e.V."]

1. c4 Nf6 2. Nc3 e5 3. g3 Bb4 4. d3 Bxc3+ 5. bxc3 O-O 6. Bg2 Re8 7. e4 c6 8.
Ne2 d5 9. cxd5 cxd5 10. O-O dxe4 11. dxe4 Bg4 12. Qxd8 Rxd8 13. f3 Be6 14. Be3
Nc6 15. Rfb1 Bc4 16. Nc1 b6 17. Kf2 Ne8 18. Nb3 Nd6 19. Rd1 Nb5 20. Bh3 Rxd1
21. Rxd1 Rd8 22. Rxd8+ Nxd8 23. Bd2 Kf8 24. f4 f6 25. Bg4 Nb7 26. Bd1 N7d6 27.
Ke3 Bf1 28. Kf2 Bd3 29. a4 Na3 30. fxe5 fxe5 31. c4 Naxc4 32. Bb4 a5 33. Be1
Nxe4+ 34. Kf3 Nb2 35. Nc1 Nc5 36. Nxd3 Ncxd3 0-1

[Event "BW 2018 Open"]
[Site "my_town"]
[Date "2018.02.23"]
[Round "1.9"]
[White "Singer, Christoph"]
[Black "Walter, Tobias"]
[Result "1-0"]
[WhiteElo "2369"]
[BlackElo "2034"]
[Annotator "chessorg"]
[PlyCount "41"]
[EventDate "2018.??.??"]
[WhiteTeam "FC Bayern Muenchen e.V."]
[BlackTeam "SC Groebenzell"]

1. e4 e6 2. d4 d5 3. Nd2 c5 4. exd5 exd5 5. Bb5+ Bd7 6. Bxd7+ Nxd7 7. Ngf3 Ngf6
8. O-O Be7 9. dxc5 Nxc5 10. Re1 O-O 11. Nf1 Nce4 12. Be3 Qc7 13. c3 Rfd8 14.
Bd4 Bc5 15. Ne3 b5 16. Qb3 Qb6 17. Nxd5 Rxd5 18. Rxe4 Rad8 19. Re7 a5 20. Rae1
a4 21. Qxd5 1-0

[Event "BW 2018 Open"]
[Site "my_town"]
[Date "2018.02.23"]
[Round "1.10"]
[White "Remensberger, Hansuli"]
[Black "Pirrot, Dieter"]
[Result "0-1"]
[WhiteElo "2033"]
[BlackElo "2364"]
[Annotator "chessorg"]
[PlyCount "64"]
[EventDate "2018.??.??"]
[WhiteTeam "Chessflyers Kloten"]
[BlackTeam "SV 1920 Hofheim"]

1. d4 Nf6 2. Bg5 e6 3. Nd2 c5 4. e3 h6 5. Bh4 Nc6 6. Ngf3 d5 7. c3 Bd6 8. Bg3
O-O 9. Bd3 b6 10. Ne5 Bb7 11. O-O Qc7 12. f4 Ne7 13. Qf3 Nf5 14. Bf2 Be7 15. g4
Nd6 16. h4 Nfe4 17. Bxe4 dxe4 18. Qh3 Ba6 19. Rfe1 Kh7 20. h5 Bf6 21. Bg3 Rad8
22. Bh4 Bxh4 23. Qxh4 f6 24. Ng6 Rfe8 25. Qg3 Qc6 26. Qg2 Bb7 27. Nf1 Nf7 28.
Rad1 Qa4 29. a3 e5 30. fxe5 fxe5 31. Qf2 Ng5 32. Qf5 Bc8 0-1

[Event "BW 2018 Open"]
[Site "my_town"]
[Date "2018.02.23"]
[Round "1.11"]
[White "Ivanov, Mikhail"]
[Black "Hehn, Hartmut"]
[Result "1-0"]
[WhiteElo "2355"]
[BlackElo "2028"]
[Annotator "chessorg"]
[PlyCount "69"]
[EventDate "2018.??.??"]

1. d4 c5 2. d5 e5 3. e4 d6 4. Nc3 Be7 5. Nf3 Nf6 6. Bb5+ Nbd7 7. a4 a6 8. Be2
b6 9. O-O Nf8 10. Nd2 Ng6 11. Nc4 O-O 12. Rb1 Bd7 13. a5 b5 14. Nb6 Rb8 15. b4
c4 16. Be3 Be8 17. g3 Nd7 18. f4 exf4 19. gxf4 Bf6 20. Qd2 Bxc3 21. Qxc3 f5 22.
Bd4 fxe4 23. Bxg7 Rxf4 24. Bh6 Rxf1+ 25. Rxf1 Nde5 26. Qg3 Nf7 27. Be3 Kh8 28.
Bg4 Nfe5 29. Be6 Qh4 30. Rf8+ Kg7 31. Rg8+ Kf6 32. Rf8+ Kg7 33. Qxh4 Nxh4 34.
Rg8+ Kf6 35. Bg5# 1-0

[Event "BW 2018 Open"]
[Site "my_town"]
[Date "2018.02.23"]
[Round "1.12"]
[White "Neumueller, Theo"]
[Black "Qendro, Llambi"]
[Result "0-1"]
[WhiteElo "2026"]
[BlackElo "2342"]
[Annotator "chessorg"]
[PlyCount "66"]
[EventDate "2018.??.??"]
[WhiteTeam "SK Germering e. V."]

1. e4 g6 2. d4 Bg7 3. Nc3 c6 4. f4 d5 5. e5 Nh6 6. Nf3 O-O 7. Be2 f6 8. O-O Bg4
9. Be3 Nf5 10. Bf2 Nd7 11. h3 Bxf3 12. Bxf3 fxe5 13. fxe5 e6 14. Ne2 Bh6 15.
Qd3 Qc7 16. a4 c5 17. c3 Rac8 18. Bg4 Nb6 19. Bxf5 Rxf5 20. Ng3 Rff8 21. Be3
Bxe3+ 22. Qxe3 Nc4 23. Qe2 cxd4 24. Rxf8+ Rxf8 25. b3 d3 26. Qe1 d2 27. Qe2 Na5
28. Qb5 Nc6 29. Rd1 Nxe5 30. Kh2 Rf2 31. Kg1 Qf7 32. Nf1 a6 33. Qc5 Rxf1+ 0-1

[Event "BW 2018 Senioren"]
[Site "my_town"]
[Date "2018.02.23"]
[Round "1.12"]
[White "Knischka, Walter"]
[Black "Bhend, Edwin"]
[Result "1/2-1/2"]
[WhiteElo "1807"]
[BlackElo "2097"]
[Annotator "chessorg"]
[PlyCount "58"]
[EventDate "2018.??.??"]
[WhiteTeam "SK Oberguenzburg"]

1. d4 d5 2. Bf4 e6 3. e3 Nf6 4. Nd2 Bd6 5. Bg3 b6 6. Bd3 Bb7 7. Ngf3 Ne4 8. c3
Nd7 9. Qc2 f5 10. Be5 O-O 11. g3 Qe7 12. O-O Qf7 13. Bf4 h6 14. Ne5 Bxe5 15.
Bxe5 Nxe5 16. dxe5 Qg6 17. Be2 h5 18. Nf3 Qh6 19. h4 g5 20. hxg5 Nxg5 21. Nh4
Rf7 22. Qd1 Rh7 23. Kh2 Rd8 24. Qd4 Ne4 25. f3 c5 26. Qd3 Ng5 27. Rad1 Rdd7 28.
Rg1 Rhg7 29. Qd2 Bc6 1/2-1/2

[Event "BW 2018 Senioren"]
[Site "my_town"]
[Date "2018.02.23"]
[Round "1.16"]
[White "Dallmeier, Gerhard"]
[Black "Mueller, Rudolf"]
[Result "0-1"]
[WhiteElo "1790"]
[BlackElo "2071"]
[Annotator "chessorg"]
[PlyCount "58"]
[EventDate "2018.??.??"]
[WhiteTeam "SK Roland Weißenfels"]
[BlackTeam "Karlsruher SF 1853"]

1. e4 b6 2. Nc3 e6 3. d4 Bb4 4. Nge2 Bb7 5. f3 Nh6 6. a3 Bxc3+ 7. Nxc3 O-O 8.
Be3 f5 9. e5 f4 10. Bf2 Nf5 11. Bd3 Qg5 12. O-O Nc6 13. Ne4 Qh5 14. Qe1 Ncxd4
15. c3 Nc6 16. g4 fxg3 17. Bxg3 Nxg3 18. Qxg3 Nxe5 19. Be2 Ng6 20. Rae1 Nf4 21.
Bd1 Ba6 22. h4 h6 23. Kh1 Bxf1 24. Rxf1 Qf5 25. Kh2 d5 26. Nf2 Rf6 27. Rg1 Rg6
28. Ng4 h5 29. Ne3 Rxg3 0-1

[Event "BW 2018 Senioren"]
[Site "my_town"]
[Date "2018.02.23"]
[Round "1.18"]
[White "Neumann, Erwin"]
[Black "Lange, Manfred"]
[Result "1-0"]
[WhiteElo "1789"]
[BlackElo "2061"]
[Annotator "chessorg"]
[PlyCount "73"]
[EventDate "2018.??.??"]
[WhiteTeam "SK Schwaebisch Hall"]
[BlackTeam "SV Wuerzburg 1865"]

1. e4 c5 2. Nf3 Nc6 3. d4 cxd4 4. Nxd4 e6 5. c3 a6 6. g3 Nf6 7. Bg2 Qb6 8. O-O
Bc5 9. Nb3 Be7 10. Be3 Qc7 11. N1d2 b5 12. Rc1 Bb7 13. f4 d6 14. Nd4 Rd8 15.
Qe2 O-O 16. g4 h5 17. gxh5 Na5 18. b3 d5 19. e5 Ne8 20. Qg4 Bc8 21. N2f3 Nc6
22. h6 g6 23. h4 Kh7 24. h5 Rg8 25. Ng5+ Bxg5 26. fxg5 Nxe5 27. Qg3 f6 28. Bf4
gxh5 29. Qh2 Qe7 30. gxf6 Nxf6 31. Bxe5 Ng4 32. Qxh5 Nxe5 33. Qxe5 Rxg2+ 34.
Kxg2 Rg8+ 35. Kf2 Qh4+ 36. Ke2 Rg2+ 37. Kd1 1-0

[Event "BW 2018 Open"]
[Site "my_town"]
[Date "2018.02.23"]
[Round "1.19"]
[White "De Santis, Alessio"]
[Black "Fiedler, Wolfgang"]
[Result "1-0"]
[WhiteElo "2223"]
[BlackElo "2006"]
[Annotator "chessorg"]
[PlyCount "65"]
[EventDate "2018.??.??"]
[BlackTeam "SK Zirndorf e.V."]

1. b3 f5 2. Bb2 e6 3. e4 Nf6 4. exf5 exf5 5. Qe2+ Qe7 6. Bxf6 gxf6 7. Nc3 c6 8.
O-O-O d5 9. Re1 Qxe2 10. Ngxe2 Bc5 11. f4 Kd8 12. d4 Bd6 13. g3 Nd7 14. Bh3 Nf8
15. Nd1 Ng6 16. Ne3 Ne7 17. Ng1 Bb4 18. Rd1 a5 19. Kb2 b6 20. a3 Bd6 21. Nf3 h5
22. Nh4 Bd7 23. Rhe1 Kc7 24. Nexf5 Nxf5 25. Bxf5 Rae8 26. c3 b5 27. b4 axb4 28.
axb4 Ra8 29. Ra1 Rxa1 30. Rxa1 Bxf5 31. Nxf5 Re8 32. Ra7+ Kb6 33. Rh7 1-0

[Event "BW 2018 Senioren"]
[Site "my_town"]
[Date "2018.02.23"]
[Round "1.19"]
[White "Keller, Harald"]
[Black "Helbig, Dieter"]
[Result "0-1"]
[WhiteElo "2055"]
[BlackElo "1784"]
[Annotator "chessorg"]
[PlyCount "70"]
[EventDate "2018.??.??"]
[WhiteTeam "SV Rottweil"]
[BlackTeam "SK Weilheim"]

1. e4 c5 2. Nc3 Nc6 3. g3 g6 4. Bg2 Bg7 5. d3 d6 6. f4 Nf6 7. Nf3 e6 8. O-O O-O
9. h3 Qc7 10. Be3 a6 11. Qd2 Rb8 12. Ne2 b6 13. g4 Bb7 14. f5 exf5 15. exf5 Nd5
16. Bh6 f6 17. fxg6 hxg6 18. Nh4 Ne5 19. Bxg7 Qxg7 20. c4 Ne7 21. Nf4 Qh6 22.
Nf3 Nxf3+ 23. Bxf3 Bxf3 24. Rxf3 Nc6 25. Qf2 Nd4 26. Re3 f5 27. g5 Qxg5+ 28.
Kh2 Rf6 29. Rg1 Qh6 30. Reg3 Kf7 31. Rxg6 Rxg6 32. Rxg6 Qh8 33. Rxd6 Qe5 34.
Rd5 Qc7 35. Qh4 Nf3+ 0-1

[Event "BW 2018 Open"]
[Site "my_town"]
[Date "2018.02.23"]
[Round "1.21"]
[White "Felgendreher, Heiko"]
[Black "Diotallevi, Maurizio"]
[Result "1-0"]
[WhiteElo "2198"]
[BlackElo "2003"]
[Annotator "chessorg"]
[PlyCount "65"]
[EventDate "2018.??.??"]
[WhiteTeam "Freibauer Moerlenbach"]

1. e4 e6 2. d4 d5 3. Nc3 dxe4 4. Nxe4 Nd7 5. Nf3 Ngf6 6. Nxf6+ Nxf6 7. c3 c5 8.
Ne5 cxd4 9. Bb5+ Nd7 10. Qf3 Qe7 11. O-O a6 12. Ba4 Ra7 13. Qf4 Ra8 14. Qe4 f6
15. Nxd7 Bxd7 16. Qxb7 Rd8 17. Qxa6 dxc3 18. bxc3 Bxa4 19. Qxa4+ Kf7 20. Bf4
Qc5 21. Rab1 Be7 22. Rfe1 Ra8 23. Qb3 Qc6 24. a4 Rxa4 25. Rxe6 Qc4 26. Rxe7+
Kxe7 27. Qb7+ Ke6 28. Qxg7 Rc8 29. Re1+ Kf5 30. Qxh7+ Kxf4 31. Qh4+ Kf5 32.
Qh5+ Kf4 33. g3# 1-0

[Event "BW 2018 Senioren"]
[Site "my_town"]
[Date "2018.02.23"]
[Round "1.23"]
[White "Flockerzi, Armin"]
[Black "Waltenberger, Udo"]
[Result "0-1"]
[WhiteElo "1772"]
[BlackElo "2038"]
[Annotator "chessorg"]
[PlyCount "48"]
[EventDate "2018.??.??"]
[WhiteTeam "VfR-SC Koblenz"]
[BlackTeam "SV Eiche Reichenbrand"]

1. Nf3 c5 2. d4 cxd4 3. Qxd4 Nc6 4. Qf4 e5 5. Qe3 g6 6. Bd2 Bg7 7. Bc3 Qe7 8.
Nbd2 d5 9. Nb3 d4 10. Nbxd4 exd4 11. Qxe7+ Ngxe7 12. Bd2 Bf5 13. Rc1 Rc8 14. g3
O-O 15. Bg2 Rfd8 16. Nh4 Be6 17. a3 Bd5 18. O-O Bxg2 19. Nxg2 Nd5 20. Rfe1 Ne5
21. h3 Nc4 22. Red1 Nxb2 23. Re1 Nc4 24. Bb4 a5 0-1

[Event "BW 2018 Open"]
[Site "my_town"]
[Date "2018.02.23"]
[Round "1.25"]
[White "Tochtrop, Matthias"]
[Black "Flemming, Achim"]
[Result "1/2-1/2"]
[WhiteElo "2173"]
[BlackElo "1967"]
[Annotator "chessorg"]
[PlyCount "35"]
[EventDate "2018.??.??"]
[BlackTeam "SC Starnberg"]

1. e4 e5 2. Nc3 Nc6 3. g3 Nf6 4. Bg2 Bc5 5. Nge2 d6 6. O-O a6 7. h3 O-O 8. Kh2
b5 9. Nd5 Nxd5 10. exd5 Nd4 11. Nxd4 Bxd4 12. d3 Qe7 13. Qe2 Re8 14. c3 Bb6 15.
Be3 Bxe3 16. Qxe3 Bf5 17. Rae1 Qd7 18. d4 1/2-1/2

[Event "BW 2018 Open"]
[Site "my_town"]
[Date "2018.02.23"]
[Round "1.26"]
[White "Woeltge, Carsten"]
[Black "Astengo, Corrado"]
[Result "1/2-1/2"]
[WhiteElo "1976"]
[BlackElo "2160"]
[Annotator "chessorg"]
[PlyCount "47"]
[EventDate "2018.??.??"]
[WhiteTeam "SC Bonn Beuel"]

1. d4 d5 2. Nf3 Nf6 3. c4 c6 4. Nc3 e6 5. cxd5 exd5 6. Qc2 Nbd7 7. Bg5 Be7 8.
e3 Nf8 9. Bd3 Ne6 10. Bh4 g6 11. O-O O-O 12. Rab1 Ng7 13. b4 a6 14. a4 Bf5 15.
b5 axb5 16. axb5 Bxd3 17. Qxd3 Nf5 18. Bxf6 Bxf6 19. bxc6 bxc6 20. Rb3 Qd6 21.
Rfb1 Ra3 22. Nxd5 Rxb3 23. Nxf6+ Qxf6 24. Qxb3 1/2-1/2

[Event "BW 2018 Open"]
[Site "my_town"]
[Date "2018.02.23"]
[Round "1.27"]
[White "Lochte, Thomas"]
[Black "Schmitzer, Peter"]
[Result "1-0"]
[WhiteElo "2160"]
[BlackElo "1971"]
[Annotator "chessorg"]
[PlyCount "87"]
[EventDate "2018.??.??"]
[WhiteTeam "SK Weilheim"]
[BlackTeam "SC RTA Muenchen"]

1. e4 e5 2. Nf3 Qe7 3. Bc4 h6 4. Nc3 c6 5. d4 d6 6. dxe5 dxe5 7. O-O Bg4 8. h3
Bh5 9. a4 g5 10. b3 Nd7 11. a5 Qf6 12. Be2 Rd8 13. Be3 Bc5 14. Nh2 Bg6 15. a6
b6 16. Bd3 Qe7 17. Qf3 Ngf6 18. Ne2 O-O 19. g4 Bd6 20. Ng3 Nc5 21. Bxc5 Bxc5
22. c3 Rd7 23. b4 Bd6 24. Rfd1 Rfd8 25. Nhf1 Bc7 26. Bc2 b5 27. Ne3 Bb6 28.
Nef5 Bxf5 29. Nxf5 Qf8 30. Rxd7 Rxd7 31. Rd1 Kh7 32. Rxd7 Nxd7 33. Ng3 Qe7 34.
Qf5+ Kg8 35. Nh5 Qe6 36. Qf3 c5 37. Qd3 cxb4 38. Qxd7 Qa2 39. Qc8+ Kh7 40. Qf5+
Kg8 41. Qf6 Kf8 42. Qh8+ Ke7 43. Qxe5+ Kd8 44. Qd5+ 1-0

[Event "BW 2018 Open"]
[Site "my_town"]
[Date "2018.02.23"]
[Round "1.30"]
[White "Herold, Gunter"]
[Black "Witte, Manfred"]
[Result "1/2-1/2"]
[WhiteElo "1949"]
[BlackElo "2146"]
[PlyCount "44"]
[EventDate "2018.??.??"]
[BlackTeam "VfB Hermsdorf e.V."]

1. e4 c5 2. Nc3 Nc6 3. f4 g6 4. Nf3 Bg7 5. Bb5 Nd4 6. O-O Nxb5 7. Nxb5 Nf6 8.
d3 d5 9. Nc3 d4 10. Ne2 b6 11. Qe1 Bg4 12. Bd2 h6 13. h3 Bxf3 14. Rxf3 e5 15.
fxe5 Nd7 16. e6 fxe6 17. Qg3 Ne5 18. Raf1 g5 19. R3f2 Qe7 20. h4 gxh4 21. Qh3
Kd7 22. Bf4 Raf8 1/2-1/2

[Event "BW 2018 Senioren"]
[Site "my_town"]
[Date "2018.02.23"]
[Round "1.32"]
[White "Klein, Klaus"]
[Black "Erdmann, Wolfgang"]
[Result "1-0"]
[WhiteElo "1988"]
[BlackElo "1731"]
[Annotator "chessorg"]
[PlyCount "75"]
[EventDate "2018.??.??"]
[WhiteTeam "Schachfreunde Heidelberg"]

1. e4 d6 2. d4 Nf6 3. Nc3 g6 4. Be3 Bg7 5. f3 c6 6. Qd2 Nbd7 7. Bh6 O-O 8. Bxg7
Kxg7 9. g4 e5 10. h4 h5 11. g5 Ne8 12. O-O-O Qa5 13. Kb1 b5 14. Nh3 b4 15. Ne2
Qb6 16. f4 exf4 17. Nhxf4 a5 18. Bh3 Nb8 19. Bxc8 Nc7 20. Bh3 Re8 21. Ng3 Nba6
22. Rhe1 Nb5 23. Ka1 a4 24. Bf1 Nac7 25. Bxb5 Qxb5 26. Qd3 Qb6 27. e5 Ne6 28.
Nxe6+ Rxe6 29. exd6 Rxd6 30. Ne4 Re6 31. Nf6 Rd8 32. Rxe6 fxe6 33. Ne4 e5 34.
Qf3 Rf8 35. Qg3 Qxd4 36. Qe1 Qb6 37. Rd7+ Kh8 38. Nf6 1-0